[Event "Berlin Werner Ott op"]
[Site "Berlin"]
[Date "2022.07.15"]
[Round "7"]
[White "Ploder, Udo"]
[Black "Fiedler, Ronald"]
[Result "1-0"]
[WhiteElo "1872"]
[BlackElo "1607"]
[PlyCount "37"]
[EventDate "2022.07.09"]
[EventType "swiss"]
[EventRounds "9"]
[EventCountry "GER"]
[SourceTitle "CBM 209 Extra"]
[Source "ChessBase"]
[SourceDate "2022.09.30"]
[SourceVersion "1"]
[SourceVersionDate "2022.09.30"]
[SourceQuality "1"]

1. e4 c5 2. Nf3 e6 3. d4 cxd4 4. Nxd4 Nc6 5. Nc3 a6 6. Be3 Qc7 7. g4 Bb4 8. Nxc6 Qxc6 9. Qd4 Bxc3+ 10. bxc3 Nf6 11. f3 d6 12. c4 e5 13. Qb6 Nd7 14. Qxc6 bxc6 15. Rb1 0-0 16. Kf2 c5 17. Be2 Nb8 18. Rb6 Rd8 19. Rd1 1-0

[Event "Berlin Werner Ott op"]
[Site "Berlin"]
[Date "2022.07.14"]
[Round "6"]
[White "Fiedler, Ronald"]
[Black "Grillich, Alexander"]
[Result "1/2-1/2"]
[WhiteElo "1607"]
[BlackElo "1931"]
[PlyCount "39"]
[EventDate "2022.07.09"]
[EventType "swiss"]
[EventRounds "9"]
[EventCountry "GER"]
[SourceTitle "CBM 209 Extra"]
[Source "ChessBase"]
[SourceDate "2022.09.30"]
[SourceVersion "1"]
[SourceVersionDate "2022.09.30"]
[SourceQuality "1"]

1. d4 d6 2. c4 e5 3. d5 Nf6 4. Nc3 Bf5 5. Bg5 Nbd7 6. e4 Bg6 7. Be2 Be7 8. f3 0-0 9. Be3 a5 10. Nh3 Nh5 11. 0-0 f5 12. f4 Nxf4 13. Bxf4 exf4 14. Nxf4 Ne5 15. Nxg6 hxg6 16. exf5 gxf5 17. Qc2 Qd7 18. Bd3 Nxd3 19. Qxd3 Rae8 20. Rae1 1/2-1/2

[Event "Berlin Werner Ott op"]
[Site "Berlin"]
[Date "2022.07.11"]
[Round "3"]
[White "Bartelt, Max Peter"]
[Black "Fiedler, Ronald"]
[Result "1-0"]
[WhiteElo "1915"]
[BlackElo "1607"]
[PlyCount "71"]
[EventDate "2022.07.09"]
[EventType "swiss"]
[EventRounds "9"]
[EventCountry "GER"]
[SourceTitle "CBM 209 Extra"]
[Source "ChessBase"]
[SourceDate "2022.09.30"]
[SourceVersion "1"]
[SourceVersionDate "2022.09.30"]
[SourceQuality "1"]

1. d4 d5 2. Nf3 Nf6 3. g3 e6 4. Bg2 c5 5. 0-0 Nc6 6. c4 Be7 7. Nc3 dxc4 8. Qa4 0-0 9. dxc5 Bxc5 10. Qxc4 Qb6 11. Ne4 Be7 12. Be3 Qb4 13. Nxf6+ Bxf6 14. Qxb4 Nxb4 15. Bc5 Nd5 16. Bxf8 Kxf8 17. Rad1 Bd7 18. e4 Nb6 19. e5 Be7 20. Nd4 Rb8 21. Rc1 Nd5 22. Nf5 b6 23. Nxe7 Kxe7 24. Rfd1 Kd8 25. Bxd5 exd5 26. Rxd5 Rb7 27. Rcd1 Ke7 28. Rxd7+ Rxd7 29. Rxd7+ Kxd7 30. f4 Ke6 31. Kf2 h5 32. Ke3 Kf5 33. h3 g5 34. Kf3 gxf4 35. gxf4 h4 36. a4 1-0

[Event "Berlin Lichtenberger op 17th"]
[Site "Berlin"]
[Date "2018.08.23"]
[Round "6"]
[White "Fiedler, Ronald"]
[Black "Kossueva, Fatima"]
[Result "1/2-1/2"]
[WhiteElo "1657"]
[BlackElo "1365"]
[PlyCount "91"]
[EventDate "2018.08.18"]
[EventType "swiss"]
[EventRounds "9"]
[EventCountry "GER"]
[SourceTitle "CBM 186 Extra"]
[Source "ChessBase"]
[SourceDate "2018.08.24"]
[SourceVersion "1"]
[SourceVersionDate "2018.08.24"]
[SourceQuality "1"]

1. d4 Nf6 2. c4 d6 3. Nc3 g6 4. e4 Bg7 5. Be2 c6 6. Bg5 0-0 7. h4 Qa5 8. Qd2 Rd8 9. h5 Nbd7 10. hxg6 fxg6 11. 0-0-0 e5 12. d5 Nc5 13. f3 cxd5 14. Nxd5 Qxa2 15. Qc3 Na4 16. Qa3 Qxa3 17. bxa3 Rf8 18. Nc7 Rb8 19. Rxd6 Nc5 20. Kc2 b6 21. Nh3 Rb7 22. Nb5 Bd7 23. Rhd1 Bxb5 24. cxb5 Rc7 25. Rc6 Rd7 26. Rxd7 Nfxd7 27. Bc4+ Kh8 28. Be7 Re8 29. Bd6 Ne6 30. Kd2 Bh6+ 31. Ke2 Nd4+ 32. Kd3 Nxc6 33. bxc6 Nc5+ 34. Kc2 Bf8 35. Bxc5 Bxc5 36. Ng5 Bxa3 37. Ba6 Re7 38. Bc8 Bd6 39. Bd7 Kg7 40. Kb3 Kf6 41. Nh3 Rxd7 42. cxd7 Be7 43. Nf2 Ke6 44. Nd3 Bf6 45. Kc4 Kxd7 46. Kb5 1/2-1/2

[Event "Berlin Lichtenberger op 17th"]
[Site "Berlin"]
[Date "2018.08.20"]
[Round "3"]
[White "Kautz, Stefan"]
[Black "Fiedler, Ronald"]
[Result "1/2-1/2"]
[WhiteElo "1894"]
[BlackElo "1657"]
[PlyCount "52"]
[EventDate "2018.08.18"]
[EventType "swiss"]
[EventRounds "9"]
[EventCountry "GER"]
[SourceTitle "CBM 186 Extra"]
[Source "ChessBase"]
[SourceDate "2018.08.24"]
[SourceVersion "1"]
[SourceVersionDate "2018.08.24"]
[SourceQuality "1"]

1. f4 d5 2. e3 Nf6 3. b3 d4 4. Be2 dxe3 5. dxe3 Qxd1+ 6. Bxd1 Bf5 7. h3 h5 8. Bb2 Nd5 9. Bf3 Nxe3 10. Bxb7 Nxc2+ 11. Kf2 Na6 12. Bxa8 Nc5 13. Bc6+ Kd8 14. Na3 Nd3+ 15. Kf3 Nxa1 16. Bxa1 e6 17. Nb5 Bc5 18. Ne2 Nb4 19. Bxg7 Rg8 20. Bf6+ Kc8 21. Rc1 Nd3 22. Rd1 a6 23. Nbd4 Bh7 24. Be4 Bxe4+ 25. Kxe4 Nf2+ 26. Ke3 Nxd1+ 1/2-1/2

[Event "Berlin Lichtenberger op 17th"]
[Site "Berlin"]
[Date "2018.08.18"]
[Round "1"]
[White "Jaeger, Andre"]
[Black "Fiedler, Ronald"]
[Result "1-0"]
[WhiteElo "1974"]
[BlackElo "1657"]
[PlyCount "67"]
[EventDate "2018.08.18"]
[EventType "swiss"]
[EventRounds "9"]
[EventCountry "GER"]
[SourceTitle "CBM 186 Extra"]
[Source "ChessBase"]
[SourceDate "2018.08.24"]
[SourceVersion "1"]
[SourceVersionDate "2018.08.24"]
[SourceQuality "1"]

1. d4 d5 2. c4 Nf6 3. cxd5 Nxd5 4. e4 Nf6 5. Nc3 c5 6. Bb5+ Bd7 7. dxc5 Qa5 8. Qe2 e5 9. Bd2 Bxc5 10. Bxd7+ Nbxd7 11. Nd5 Qd8 12. Nf3 Nxd5 13. exd5 0-0 14. 0-0 f6 15. Rad1 Nb6 16. Ba5 Qd6 17. Qb5 a6 18. Qb3 Rab8 19. Nh4 f5 20. Qh3 Nc4 21. Bc3 g6 22. b3 Na3 23. Nf3 Rbe8 24. Ng5 Re7 25. Ne6 Rff7 26. Rfe1 e4 27. Nxc5 Qxc5 28. Rc1 Rd7 29. Bb2 Qd6 30. Rc8+ Rf8 31. Qc3 Rxc8 32. Qxc8+ Rd8 33. Qc3 Nb5 34. Qg7# 1-0

[Event "Berlin Lichtenberger op 16th"]
[Site "Berlin"]
[Date "2017.08.26"]
[Round "8"]
[White "Schauties, Nico Antonio"]
[Black "Fiedler, Ronald"]
[Result "1-0"]
[WhiteElo "1690"]
[BlackElo "1631"]
[PlyCount "97"]
[EventDate "2017.08.19"]
[EventType "swiss"]
[EventRounds "9"]
[EventCountry "GER"]
[SourceTitle "CBM 180 Extra"]
[Source "ChessBase"]
[SourceDate "2017.10.06"]
[SourceVersion "1"]
[SourceVersionDate "2017.10.06"]
[SourceQuality "1"]

1. g3 d5 2. Bg2 e5 3. d3 Nf6 4. Nf3 Nc6 5. 0-0 Be7 6. Nbd2 0-0 7. c4 Be6 8. b3 h6 9. Bb2 Nd7 10. Ne1 Nb6 11. e4 d4 12. f4 f6 13. f5 Bf7 14. a3 a5 15. Bf3 Qe8 16. Ng2 Kh7 17. h4 Rg8 18. h5 Nd7 19. Nh4 Bf8 20. Ng6 Ne7 21. Kg2 Bxg6 22. hxg6+ Nxg6 23. fxg6+ Qxg6 24. Bh5 Qg5 25. Rf5 Qe3 26. Nf1 g6 27. Nxe3 dxe3 28. Rf3 gxh5 29. Rxe3 h4 30. Qf3 Rxg3+ 31. Qxg3 hxg3 32. Rxg3 Bc5 33. Rh1 Rg8 34. Rxh6+ Kxh6 35. Rxg8 Nf8 36. Rg3 Ne6 37. Kf3 Ng5+ 38. Kg4 Kg6 39. Bc1 Ne6 40. Bd2 Bxa3 41. Bxa5 b6 42. Bc3 Bd6 43. b4 c5 44. b5 Bf8 45. Bd2 Nd4 46. Rg1 Bd6 47. Rh1 f5+ 48. exf5+ Nxf5 49. Rh5 1-0

[Event "Berlin-ch Seniors op 33rd"]
[Site "Berlin"]
[Date "2017.02.06"]
[Round "6"]
[White "Schneider, Eckehard"]
[Black "Fiedler, Ronald"]
[Result "1/2-1/2"]
[WhiteElo "1811"]
[BlackElo "1687"]
[PlyCount "50"]
[EventDate "2017.01.31"]
[EventType "swiss"]
[EventRounds "9"]
[EventCountry "GER"]
[SourceTitle "EXT 2019"]
[Source "ChessBase"]
[SourceDate "2018.10.10"]
[SourceVersion "1"]
[SourceVersionDate "2018.10.10"]
[SourceQuality "1"]

1. e4 c5 2. c3 Nc6 3. d4 cxd4 4. cxd4 e6 5. Nf3 Nf6 6. Nc3 Be7 7. Bd3 0-0 8. 0-0 a6 9. a3 d6 10. Qc2 h6 11. h3 Bd7 12. Be3 Rc8 13. Rac1 Nh7 14. Rfd1 Ng5 15. Ne1 e5 16. Be2 exd4 17. Bxd4 Nxd4 18. Rxd4 Be6 19. Qd1 Qb6 20. Rb4 Qc6 21. h4 Nh7 22. Nf3 b5 23. Nd4 Qd7 24. Nxe6 fxe6 25. e5 Qa7 1/2-1/2

[Event "Berlin Lichtenberger op 15th"]
[Site "Berlin"]
[Date "2016.08.13"]
[Round "1"]
[White "Kornrumpf, Joachim"]
[Black "Fiedler, Ronald"]
[Result "1-0"]
[WhiteElo "2076"]
[BlackElo "1700"]
[PlyCount "71"]
[EventDate "2016.08.13"]
[EventType "swiss"]
[EventRounds "9"]
[EventCountry "GER"]
[SourceTitle "CBM 173 Extra"]
[Source "ChessBase"]
[SourceDate "2016.08.29"]
[SourceVersion "1"]
[SourceVersionDate "2016.08.29"]
[SourceQuality "1"]

1. c4 c5 2. Nf3 Nf6 3. Nc3 Nc6 4. g3 e6 5. Bg2 Be7 6. 0-0 0-0 7. d4 d5 8. cxd5 Nxd5 9. Nxd5 exd5 10. dxc5 Bxc5 11. a3 Be7 12. Be3 a6 13. Rc1 Be6 14. Nd4 Rc8 15. Nxc6 Rxc6 16. Rxc6 bxc6 17. Qa4 Qc8 18. b4 Qb7 19. Rc1 Rc8 20. Bd4 f6 21. e3 Bd7 22. Bc5 Kf7 23. Bf1 Ra8 24. Bd3 g6 25. Qc2 Bd8 26. h4 Bg4 27. Bd4 Rc8 28. Qa4 a5 29. bxa5 Bf3 30. a6 Qd7 31. Bf1 Be7 32. a7 Qe8 33. Bh3 f5 34. Bg2 Be2 35. Rxc6 Rxc6 36. Bxd5+ 1-0

[Event "Berlin-ch Seniors op 32nd"]
[Site "Berlin"]
[Date "2016.01.26"]
[Round "1"]
[White "Fiedler, Ronald"]
[Black "Jaeger, Andre"]
[Result "1/2-1/2"]
[WhiteElo "1695"]
[BlackElo "1962"]
[PlyCount "80"]
[EventDate "2016.01.26"]
[EventType "swiss"]
[EventRounds "9"]
[EventCountry "GER"]
[SourceTitle "EXT 2019"]
[Source "ChessBase"]
[SourceDate "2018.10.10"]
[SourceVersion "1"]
[SourceVersionDate "2018.10.10"]
[SourceQuality "1"]

1. d4 Nf6 2. c4 d6 3. Nc3 Nbd7 4. e4 e5 5. d5 Nc5 6. Bd3 Be7 7. Nge2 0-0 8. 0-0 Bd7 9. f4 exf4 10. Nxf4 Ng4 11. Be2 Nf6 12. Bf3 a5 13. Be3 b6 14. Bd4 Be8 15. Qe2 Nfd7 16. Nd3 Bf6 17. Bxf6 Qxf6 18. Nb5 Na6 19. e5 Qh6 20. e6 fxe6 21. dxe6 Rb8 22. exd7 Bxd7 23. Bd5+ Kh8 24. Rxf8+ Rxf8 25. Qe7 g6 26. Bf3 Re8 27. Qf6+ Qg7 28. Qxg7+ Kxg7 29. Kf2 Bf5 30. Re1 Rf8 31. Nf4 g5 32. g4 Bxg4 33. Bxg4 Rxf4+ 34. Kg3 Rxc4 35. Re3 Kg6 36. Be2 Rb4 37. b3 d5 38. a3 Rf4 39. Bd3+ Kh5 40. Be2+ Kg6 1/2-1/2

[Event "Berlin-ch QT"]
[Site "Berlin"]
[Date "2015.04.03"]
[Round "1"]
[White "Kirchhof, Arno"]
[Black "Fiedler, Ronald"]
[Result "1-0"]
[WhiteElo "2064"]
[BlackElo "1707"]
[PlyCount "55"]
[EventDate "2015.04.03"]
[EventType "swiss"]
[EventRounds "9"]
[EventCountry "GER"]
[SourceTitle "EXT 2022"]
[Source "ChessBase"]
[SourceDate "2021.10.06"]
[SourceVersion "1"]
[SourceVersionDate "2021.10.06"]
[SourceQuality "1"]

1. d4 d5 2. c4 Nf6 3. Nc3 e6 4. Nf3 c5 5. cxd5 Nxd5 6. e4 Nxc3 7. bxc3 cxd4 8. cxd4 Bb4+ 9. Bd2 Qa5 10. Be2 Bxd2+ 11. Qxd2 Qxd2+ 12. Kxd2 0-0 13. Rhc1 Bd7 14. Rab1 Bc6 15. Ke3 Nd7 16. Bb5 Rfc8 17. Bxc6 Rxc6 18. Rxc6 bxc6 19. Rb7 Nb6 20. Ne5 f6 21. Nxc6 Nc4+ 22. Kd3 Nd6 23. Rxa7 Rxa7 24. Nxa7 Kf8 25. a4 Ke8 26. Nb5 Nb7 27. Kc3 Kd7 28. Kb4 1-0

[Event "Berlin-ch Seniors op 31st"]
[Site "Berlin"]
[Date "2015.02.05"]
[Round "7"]
[White "Engelhardt, Erhard"]
[Black "Fiedler, Ronald"]
[Result "1/2-1/2"]
[WhiteElo "1650"]
[BlackElo "1528"]
[PlyCount "88"]
[EventDate "2015.01.29"]
[EventType "swiss"]
[EventRounds "9"]
[EventCountry "GER"]
[SourceTitle "EXT 2018"]
[Source "ChessBase"]
[SourceDate "2017.10.13"]
[SourceVersion "1"]
[SourceVersionDate "2017.10.13"]
[SourceQuality "1"]

1. b4 e5 2. Bb2 d6 3. c4 Nf6 4. e3 Be6 5. Nf3 h6 6. Be2 Be7 7. 0-0 0-0 8. Qc2 Nbd7 9. d3 c5 10. b5 a6 11. a4 axb5 12. axb5 Qc7 13. e4 Ra5 14. Rxa5 Qxa5 15. Bc3 Qa7 16. Nbd2 Ra8 17. Ra1 Qb8 18. Qb2 Rxa1+ 19. Qxa1 Nb6 20. Ne1 Nfd7 21. g3 f5 22. Ng2 Qa8 23. Qxa8+ Nxa8 24. Bf3 Nab6 25. Kf1 g5 26. exf5 Bxf5 27. Be4 Bxe4 28. dxe4 Na4 29. Ba1 Bd8 30. Nb3 Nf6 31. f3 g4 32. Kf2 gxf3 33. Kxf3 Nd7 34. h4 Nf8 35. Ne3 Ne6 36. Nf5 Bc7 37. Nxh6+ Kh7 38. Nf5 Nd4+ 39. Nbxd4 cxd4 40. g4 Nb6 41. Bb2 Nxc4 42. Bc1 d3 43. Bg5 Ba5 44. Ng3 Na3 1/2-1/2

[Event "Berlin-ch Seniors op 31st"]
[Site "Berlin"]
[Date "2015.01.29"]
[Round "1"]
[White "Tuertmann, Dieter"]
[Black "Fiedler, Ronald"]
[Result "1-0"]
[WhiteElo "1871"]
[BlackElo "1528"]
[PlyCount "51"]
[EventDate "2015.01.29"]
[EventType "swiss"]
[EventRounds "9"]
[EventCountry "GER"]
[SourceTitle "EXT 2018"]
[Source "ChessBase"]
[SourceDate "2017.10.13"]
[SourceVersion "1"]
[SourceVersionDate "2017.10.13"]
[SourceQuality "1"]

1. Nf3 Nf6 2. b3 d6 3. Bb2 c5 4. e3 e6 5. Be2 Be7 6. 0-0 0-0 7. c4 Nc6 8. d3 h6 9. Nbd2 Nd7 10. Ne4 d5 11. cxd5 exd5 12. Ng3 Bf6 13. Qc2 Bxb2 14. Qxb2 Qf6 15. Qd2 Nde5 16. Rac1 b6 17. Rfd1 Bg4 18. Nxe5 Nxe5 19. f3 Be6 20. Nh5 Qe7 21. d4 Nd7 22. Bd3 Qg5 23. Ng3 cxd4 24. f4 dxe3 25. Qxe3 Qd8 26. f5 1-0

[Event "Berlin-ch Seniors op 30th"]
[Site "Berlin"]
[Date "2014.02.05"]
[Round "7"]
[White "Fiedler, Ronald"]
[Black "Hesselbarth, Karlheinz"]
[Result "0-1"]
[WhiteElo "1537"]
[BlackElo "1685"]
[PlyCount "37"]
[EventDate "2014.01.30"]
[EventType "swiss"]
[EventRounds "9"]
[EventCountry "GER"]
[SourceTitle "EXT 2018"]
[Source "ChessBase"]
[SourceDate "2017.10.13"]
[SourceVersion "1"]
[SourceVersionDate "2017.10.13"]
[SourceQuality "1"]

1. d4 d5 2. c4 e6 3. Nc3 c5 4. cxd5 cxd4 5. Qxd4 Nc6 6. Qd1 exd5 7. Qxd5 Bd6 8. e4 Nf6 9. Qd1 0-0 10. Be2 Re8 11. Bd3 Bf5 12. Bg5 h6 13. Bxf6 Qxf6 14. Nge2 Bg6 15. 0-0 Rad8 16. a3 Ne5 17. Nd5 Qh4 18. Ng3 Nxd3 19. Qxd3 0-1

[Event "Berlin-ch Seniors op 30th"]
[Site "Berlin"]
[Date "2014.02.01"]
[Round "3"]
[White "Tham, Franz"]
[Black "Fiedler, Ronald"]
[Result "0-1"]
[WhiteElo "1273"]
[BlackElo "1537"]
[PlyCount "40"]
[EventDate "2014.01.30"]
[EventType "swiss"]
[EventRounds "9"]
[EventCountry "GER"]
[SourceTitle "EXT 2018"]
[Source "ChessBase"]
[SourceDate "2017.10.13"]
[SourceVersion "1"]
[SourceVersionDate "2017.10.13"]
[SourceQuality "1"]

1. Nf3 Nf6 2. d4 d5 3. c4 e6 4. Nc3 c5 5. Bf4 a6 6. e3 Nc6 7. cxd5 Nxd5 8. Nxd5 Qxd5 9. Be2 cxd4 10. 0-0 dxe3 11. Qxd5 exf2+ 12. Rxf2 exd5 13. Rd1 Be6 14. Ng5 Bc5 15. a3 Bxf2+ 16. Kxf2 0-0 17. Kf1 h6 18. Nf3 Rfe8 19. Rd2 Na5 20. b4 Nc4 0-1

[Event "Berlin-ch Seniors op 30th"]
[Site "Berlin"]
[Date "2014.01.30"]
[Round "1"]
[White "Wolf, Manfred"]
[Black "Fiedler, Ronald"]
[Result "1/2-1/2"]
[WhiteElo "1862"]
[BlackElo "1537"]
[PlyCount "46"]
[EventDate "2014.01.30"]
[EventType "swiss"]
[EventRounds "9"]
[EventCountry "GER"]
[SourceTitle "EXT 2018"]
[Source "ChessBase"]
[SourceDate "2017.10.13"]
[SourceVersion "1"]
[SourceVersionDate "2017.10.13"]
[SourceQuality "1"]

1. Nf3 Nf6 2. c4 e6 3. g3 c5 4. Bg2 Nc6 5. Nc3 d5 6. cxd5 exd5 7. d4 c4 8. 0-0 Be7 9. Ne5 Be6 10. Qa4 Qa5 11. Qxa5 Nxa5 12. f4 Rd8 13. f5 Bc8 14. g4 Nc6 15. g5 Ne4 16. Nxe4 dxe4 17. f6 gxf6 18. gxf6 Nxe5 19. fxe7 Rxd4 20. Be3 Rd7 21. Rf5 Rxe7 22. Rxe5 Rxe5 23. Bd4 f6 1/2-1/2